Reformiertes Zeugnis heute : eine Sammlung neuerer Bekenntnistexte aus der reformierten Tradition / herausgegeben von Lukas Vischer ; aus dem Englischen übersetzt von Ingeborg Boecker, Gisela Rohland, Annette Kohl-Beyer.
Record details
- ISBN: 3-7887-0773-9
- Physical Description: 306 s. ; 22 cm
- Publisher: Neukirchen-Vluyn : Neukirchener Verlag , 1988.
Search for related items by subject
| Subject: | reformované církve vyznání víry zřízení církve Amerika (kontinent) oficiální dokumenty Asie Afrika Evropa |
Available copies
- 1 of 1 copy available at Common Catalog SPOK.
Holds
- 0 current holds with 1 total copy.
Show All Copies
| Location | Call Number / Copy Notes | Barcode | Shelving Location | Status | Due Date |
|---|---|---|---|---|---|
| ETS Library | 238 | 424470015070 | Volný výběr | Available | - |
| LDR | 01300cam a22003737a 4500 | ||
|---|---|---|---|
| 001 | 42526 | ||
| 003 | CZ-PrJAB | ||
| 005 | 20161130133020.0 | ||
| 007 | ta | ||
| 008 | 880707s1988 gw e 000 0 ger d | ||
| 020 | . | ‡a3-7887-0773-9 ‡q(brož.) | |
| 035 | . | ‡a(CONS)12414 | |
| 035 | . | ‡a(CZ PrSKC)etf000105720 | |
| 040 | . | ‡aGBV ‡bcze ‡dABD027 ‡91 | |
| 082 | . | ‡a238 | |
| 100 | . | ‡aVischer, Lukas , 1926-2008. | |
| 245 | 0 | 0. | ‡aReformiertes Zeugnis heute : ‡beine Sammlung neuerer Bekenntnistexte aus der reformierten Tradition / ‡cherausgegeben von Lukas Vischer ; aus dem Englischen übersetzt von Ingeborg Boecker, Gisela Rohland, Annette Kohl-Beyer. |
| 260 | . | ‡aNeukirchen-Vluyn : ‡bNeukirchener Verlag , ‡c1988. | |
| 300 | . | ‡a306 s. ; ‡c22 cm | |
| 650 | 0 | 7. | ‡areformované církve ‡2ctt |
| 650 | 0 | 7. | ‡avyznání víry ‡2ctt |
| 650 | 0 | 7. | ‡azřízení církve ‡2ctt |
| 650 | 0 | 7. | ‡aAmerika (kontinent) ‡2ctt |
| 650 | 0 | 7. | ‡aoficiální dokumenty ‡2ctt |
| 651 | 7. | ‡aAsie ‡7ge131486 ‡2czenas | |
| 651 | 7. | ‡aAfrika ‡7ge137148 ‡2czenas | |
| 651 | 7. | ‡aEvropa ‡7ge137210 ‡2czenas | |
| 700 | 1 | . | ‡aBoecker, Ingeborg ‡4trl |
| 700 | . | ‡aRohland, Gisela | |
| 700 | . | ‡aKohl-Beyer, Annette | |
| 765 | 0 | . | ‡tReformed witness today |
| 852 | 4 | . | ‡bETS ‡bETS ‡cVolný výběr ‡j238 ‡p424470015070 ‡y$50.00 |
| 910 | . | ‡aABG450 | |
| 999 | . | ‡a12414 ‡c12414 ‡tbiblio | |
| 905 | . | ‡uadmin | |
| 901 | . | ‡a42526 ‡b ‡c42526 ‡tbiblio ‡sets | |